| 000 | 00386nam a22001697a 4500 | ||
|---|---|---|---|
| 005 | 20160624142052.0 | ||
| 008 | 160624b xxu||||| |||| 00| 0 eng d | ||
| 020 | _a978-0-07-061563-2 | ||
| 041 | _aeng | ||
| 082 | _b9921 | ||
| 100 |
_aCascio, Wayne F _92682 |
||
| 245 | _aManaging Human Resources | ||
| 260 |
_bTMH _c2007 |
||
| 300 | _a669 | ||
| 650 |
_aManagement _9241 |
||
| 942 | _cBK | ||
| 999 |
_c3864 _d3863 |
||